[Event "De los Reyes op 21st"]
[Site "De los Reyes"]
[Date "2019.12.04"]
[Round "5"]
[White "Blanco Martin, Oscar"]
[Black "Longa Yauca, Javier"]
[Result "1/2-1/2"]
[WhiteElo "1692"]
[BlackElo "2163"]
[PlyCount "103"]
[EventDate "2019.11.30"]
[EventType "swiss"]
[EventRounds "9"]
[EventCountry "ESP"]
[SourceTitle "CBM 193 Extra"]
[Source "ChessBase"]
[SourceDate "2020.01.31"]
[SourceVersion "1"]
[SourceVersionDate "2020.01.31"]
[SourceQuality "1"]

1. c4 Nf6 2. Nc3 e5 3. g3 Bc5 4. Bg2 c6 5. e3 Qe7 6. Nf3 d6 7. d3 0-0 8. 0-0 Bb6 9. e4 h6 10. Rb1 Bg4 11. h3 Be6 12. b4 Rd8 13. Qe2 a5 14. Na4 Bc7 15. b5 cxb5 16. Rxb5 Bd7 17. Nb6 Bxb6 18. Rxb6 Bc6 19. Nh4 Nbd7 20. Nf5 Qf8 21. Rb2 Nc5 22. Be3 Ne6 23. Bb6 Re8 24. Qd2 a4 25. Rfb1 Nd7 26. Be3 Ndc5 27. Rb6 Rad8 28. Bf3 Kh7 29. Bd1 Rd7 30. Bc2 Kg8 31. Qd1 Kh8 32. f3 Kg8 33. Kg2 Ra8 34. d4 exd4 35. Nxd4 Nxd4 36. Bxd4 Qe7 37. Qe1 Re8 38. Qf2 f5 39. e5 Qf7 40. exd6 Ne6 41. Be5 Ng5 42. Rxc6 bxc6 43. f4 Qxc4 44. Bxf5 Qd5+ 45. Kf1 Rf7 46. Bg6 Ne4 47. Bxf7+ Qxf7 48. Qd4 Nxg3+ 49. Kf2 Nf5 50. Qxa4 Kh8 51. Qc2 Ra8 52. a4 1/2-1/2

[Event "De los Reyes op 21st"]
[Site "De los Reyes"]
[Date "2019.12.03"]
[Round "4"]
[White "Lopez de Turiso, Jose Angel"]
[Black "Blanco Martin, Oscar"]
[Result "0-1"]
[WhiteElo "1889"]
[BlackElo "1692"]
[PlyCount "146"]
[EventDate "2019.11.30"]
[EventType "swiss"]
[EventRounds "9"]
[EventCountry "ESP"]
[SourceTitle "CBM 193 Extra"]
[Source "ChessBase"]
[SourceDate "2020.01.31"]
[SourceVersion "1"]
[SourceVersionDate "2020.01.31"]
[SourceQuality "1"]

1. e4 e6 2. c4 d5 3. cxd5 exd5 4. exd5 Nf6 5. Bc4 Nxd5 6. Nc3 Nb6 7. Bb3 c5 8. Nf3 Nc6 9. d4 cxd4 10. Nb5 Bb4+ 11. Bd2 Bxd2+ 12. Qxd2 d3 13. 0-0-0 0-0 14. Qxd3 Qxd3 15. Rxd3 Bf5 16. Rd2 h6 17. Nd6 Bg6 18. Nxb7 a5 19. Rd6 a4 20. Bxf7+ Rxf7 21. Rxg6 Rc7 22. Kb1 Rb8 23. Rc1 Rcxb7 24. Rgxc6 a3 25. b3 Re7 26. Nd4 Rd7 27. Nb5 Rd2 28. R6c2 Rbd8 29. Nxa3 R2d7 30. Nb5 Kh7 31. a3 Nd5 32. Kb2 Nf4 33. Rg1 Nd3+ 34. Kb1 Rb8 35. a4 Nb4 36. Re2 Rd3 37. Kb2 Rbd8 38. Na3 Na6 39. Rc1 R8d5 40. Rc3 Rd1 41. Rc1 R1d3 42. Rec2 Nb4 43. Re2 R3d4 44. Kb1 Rd3 45. Kb2 R3d4 46. Rc4 Nd3+ 47. Kb1 Nf4 48. Rxd4 Rxd4 49. Rc2 Nxg2 50. a5 Ne1 51. Rc1 Nf3 52. Nc4 Nxh2 53. Kb2 Ng4 54. a6 Rd7 55. f3 Nf6 56. Ra1 Ra7 57. b4 Nd5 58. Kb3 Nc7 59. Ra5 Rxa6 60. Rxa6 Nxa6 61. b5 Nc5+ 62. Kb4 Nb7 63. b6 h5 64. Ne5 h4 65. Kb5 h3 66. Ng4 Kg6 67. Kc6 Na5+ 68. Kb5 Nb7 69. Kc4 Kf5 70. Kd3 Kf4 71. Ke2 Kg3 72. Ke3 g6 73. Nf2 Kg2 0-1

[Event "Madrid-ch U14"]
[Site "Madrid"]
[Date "2019.04.06"]
[Round "5"]
[White "Blanco Martin, Oscar"]
[Black "Simonyan, Arturo"]
[Result "1/2-1/2"]
[WhiteElo "1613"]
[BlackElo "1835"]
[PlyCount "182"]
[EventDate "2019.03.30"]
[EventType "swiss"]
[EventRounds "6"]
[EventCountry "ESP"]
[SourceTitle "EXT 2021"]
[Source "ChessBase"]
[SourceDate "2020.10.23"]
[SourceVersion "1"]
[SourceVersionDate "2020.10.23"]
[SourceQuality "1"]

1. f4 d5 2. Nf3 Nf6 3. d4 Bg4 4. e3 Nbd7 5. Bd3 e6 6. 0-0 c5 7. c3 c4 8. Bc2 b5 9. Nbd2 Bd6 10. Qe1 b4 11. Ne5 Qa5 12. cxb4 Bxb4 13. Nc6 Bxd2 14. Qxd2 Qc7 15. Ne5 Bf5 16. Ba4 0-0 17. Nxd7 Nxd7 18. Bxd7 Qxd7 19. Qc3 Bd3 20. Rf2 Rfc8 21. Bd2 Qb5 22. Qc1 a5 23. Bc3 h5 24. Qd1 g6 25. Rf3 a4 26. a3 Rab8 27. Qd2 Qb3 28. Rf2 Rb7 29. Qd1 Qb5 30. Bb4 Qc6 31. Bc3 Rb3 32. Qd2 Rcb8 33. Rc1 Qd7 34. Qe1 Be4 35. Rd2 Qe7 36. h4 Qf6 37. Qg3 Kh7 38. Qg5 Qg7 39. Qe5 Qf8 40. Qf6 R8b7 41. Kf2 Kg8 42. Qg5 f6 43. Qg3 Rg7 44. Qh2 g5 45. g3 Qf7 46. Rg1 Qg6 47. Rdd1 g4 48. Rd2 Bf3 49. Re1 Qe4 50. Qg1 Rf7 51. Kf1 e5 52. Qf2 Rfb7 53. dxe5 fxe5 54. Bxe5 Rd3 55. Bc3 Rb3 56. Kg1 Bh1 57. Kh2 Bf3 58. Kg1 Rb7 59. Kh2 Re7 60. Bd4 Rxd2 61. Qxd2 Qd3 62. Bc3 d4 63. Qxd3 cxd3 64. exd4 Rc7 65. Kg1 Rxc3 66. bxc3 d2 67. Rb1 Kf7 68. Kf2 Ke6 69. Ke3 d1Q 70. Rxd1 Bxd1 71. Kd3 Kf5 72. d5 Kf6 73. Kd4 Ke7 74. Ke5 Bb3 75. f5 Kf7 76. f6 Ba2 77. d6 Ke8 78. Kf5 Bf7 79. Ke4 Kd7 80. Ke5 Be6 81. Kf4 Kxd6 82. Kg5 Bf7 83. Kh6 Kd7 84. Kg7 Ke8 85. Kh6 Kf8 86. c4 Bxc4 87. Kxh5 Be6 88. Kg6 Kg8 89. h5 Bc4 90. Kg5 Be6 91. Kg6 Bc4 1/2-1/2

[Event "Madrid-ch U14"]
[Site "Madrid"]
[Date "2019.04.06"]
[Round "6"]
[White "Lavayen Torres, Leonardo"]
[Black "Blanco Martin, Oscar"]
[Result "1/2-1/2"]
[WhiteElo "1592"]
[BlackElo "1613"]
[PlyCount "38"]
[EventDate "2019.03.30"]
[EventType "swiss"]
[EventRounds "6"]
[EventCountry "ESP"]
[SourceTitle "EXT 2021"]
[Source "ChessBase"]
[SourceDate "2020.10.23"]
[SourceVersion "1"]
[SourceVersionDate "2020.10.23"]
[SourceQuality "1"]

1. e4 e6 2. d4 d5 3. Nc3 dxe4 4. Nxe4 Nd7 5. Nf3 Be7 6. Bc4 Ngf6 7. Nxf6+ Nxf6 8. 0-0 0-0 9. Bf4 b6 10. c3 Bb7 11. Ne5 a6 12. Qb3 Nd5 13. Bg3 h5 14. h3 h4 15. Bh2 Bd6 16. Bxd5 Bxd5 17. c4 Bxe5 18. Bxe5 Bb7 19. Rad1 Re8 1/2-1/2

[Event "Madrid-ch U14"]
[Site "Madrid"]
[Date "2019.03.31"]
[Round "3"]
[White "Ferrando Marti, Roberto"]
[Black "Blanco Martin, Oscar"]
[Result "0-1"]
[WhiteElo "1459"]
[BlackElo "1613"]
[PlyCount "68"]
[EventDate "2019.03.30"]
[EventType "swiss"]
[EventRounds "6"]
[EventCountry "ESP"]
[SourceTitle "EXT 2021"]
[Source "ChessBase"]
[SourceDate "2020.10.23"]
[SourceVersion "1"]
[SourceVersionDate "2020.10.23"]
[SourceQuality "1"]

1. d4 g6 2. Nf3 Bg7 3. g3 d5 4. Bg2 e6 5. 0-0 Ne7 6. c4 0-0 7. cxd5 Nxd5 8. e4 Ne7 9. Be3 c5 10. Nc3 cxd4 11. Bxd4 a6 12. Bxg7 Qxd1 13. Rfxd1 Kxg7 14. Rac1 Nbc6 15. e5 Rd8 16. Ne4 Nd5 17. Nd6 Nxe5 18. Nxc8 Nxf3+ 19. Bxf3 Raxc8 20. Kf1 Rxc1 21. Rxc1 Rd7 22. a3 Kf6 23. Ke2 Ke7 24. Rc4 Kd6 25. h4 Rc7 26. Bxd5 exd5 27. Rxc7 Kxc7 28. Kd3 a5 29. Kd4 Kd6 30. g4 f6 31. f4 a4 32. Kc3 Kc5 33. b3 axb3 34. Kxb3 Kd4 0-1

[Event "Madrid-ch U14"]
[Site "Madrid"]
[Date "2019.03.30"]
[Round "2"]
[White "Blanco Martin, Oscar"]
[Black "Diaz Guzman, David"]
[Result "1-0"]
[WhiteElo "1613"]
[BlackElo "1194"]
[PlyCount "59"]
[EventDate "2019.03.30"]
[EventType "swiss"]
[EventRounds "6"]
[EventCountry "ESP"]
[SourceTitle "EXT 2021"]
[Source "ChessBase"]
[SourceDate "2020.10.23"]
[SourceVersion "1"]
[SourceVersionDate "2020.10.23"]
[SourceQuality "1"]

1. g3 e5 2. Bg2 d5 3. d3 Nf6 4. Nf3 Nc6 5. a3 Be7 6. 0-0 0-0 7. b4 Bd6 8. Bb2 Nd7 9. c4 d4 10. Qb3 a5 11. c5 Bxc5 12. bxc5 Nxc5 13. Qc2 Nd7 14. Nbd2 Nf6 15. Rfc1 Bd7 16. Nb3 Qc8 17. Nc5 Bh3 18. Rab1 b6 19. Nb3 Re8 20. Qxc6 Bd7 21. Qxc7 Qxc7 22. Rxc7 Ba4 23. Nbd2 Rad8 24. Ne1 Re6 25. Rbc1 Bd7 26. Bh3 Re7 27. Bxd7 Rexd7 28. Ne4 Rxc7 29. Nxf6+ gxf6 30. Rxc7 1-0

[Event "Pontevedra op-B 6th"]
[Site "Pontevedra"]
[Date "2018.08.14"]
[Round "9"]
[White "Martinez Perez, Daniel"]
[Black "Blanco Martin, Oscar"]
[Result "1/2-1/2"]
[WhiteElo "1402"]
[BlackElo "1543"]
[PlyCount "44"]
[EventDate "2018.08.08"]
[EventType "swiss"]
[EventRounds "9"]
[EventCountry "ESP"]
[SourceTitle "CBM 186 Extra"]
[Source "ChessBase"]
[SourceDate "2018.08.24"]
[SourceVersion "1"]
[SourceVersionDate "2018.08.24"]
[SourceQuality "1"]

1. c4 g6 2. g3 Bg7 3. Bg2 c5 4. Nf3 Nc6 5. Nc3 d6 6. Rb1 e5 7. a3 Nge7 8. b4 Qc7 9. Qc2 0-0 10. 0-0 f5 11. d3 h6 12. Be3 Nd4 13. Qc1 Kh7 14. Ne1 a6 15. Nc2 Nxc2 16. Qxc2 Rb8 17. Nd5 Nxd5 18. Bxd5 f4 19. Bd2 Bh3 20. Bg2 Bxg2 21. Kxg2 Qc6+ 22. f3 Rf7 1/2-1/2

[Event "Pontevedra op-B 6th"]
[Site "Pontevedra"]
[Date "2018.08.12"]
[Round "7"]
[White "Van der Heide, Gerben"]
[Black "Blanco Martin, Oscar"]
[Result "1/2-1/2"]
[WhiteElo "1911"]
[BlackElo "1543"]
[PlyCount "30"]
[EventDate "2018.08.08"]
[EventType "swiss"]
[EventRounds "9"]
[EventCountry "ESP"]
[SourceTitle "CBM 186 Extra"]
[Source "ChessBase"]
[SourceDate "2018.08.24"]
[SourceVersion "1"]
[SourceVersionDate "2018.08.24"]
[SourceQuality "1"]

1. e4 e6 2. d4 d5 3. Nc3 dxe4 4. Nxe4 Nd7 5. Nf3 Be7 6. Bd3 Ngf6 7. Ng3 0-0 8. c3 b6 9. 0-0 Bb7 10. Qe2 c5 11. Bd2 Rc8 12. dxc5 Nxc5 13. Bc2 Qc7 14. Ne5 Ba6 15. c4 Ncd7 1/2-1/2

[Event "Pontevedra op-B 6th"]
[Site "Pontevedra"]
[Date "2018.08.11"]
[Round "5"]
[White "Vazquez Alvarez, Diego"]
[Black "Blanco Martin, Oscar"]
[Result "1-0"]
[WhiteElo "1837"]
[BlackElo "1543"]
[PlyCount "45"]
[EventDate "2018.08.08"]
[EventType "swiss"]
[EventRounds "9"]
[EventCountry "ESP"]
[SourceTitle "CBM 186 Extra"]
[Source "ChessBase"]
[SourceDate "2018.08.24"]
[SourceVersion "1"]
[SourceVersionDate "2018.08.24"]
[SourceQuality "1"]

1. e4 e6 2. d4 d5 3. exd5 exd5 4. c4 dxc4 5. Bxc4 Nf6 6. Nf3 Be7 7. 0-0 0-0 8. Re1 a6 9. Nc3 b5 10. Bb3 Bb7 11. Qe2 Bd6 12. Bg5 Nbd7 13. Ne5 Qb8 14. Rad1 c5 15. Bxf7+ Rxf7 16. Nxf7 Bxh2+ 17. Kh1 Kxf7 18. dxc5 Qc7 19. Qe6+ Kf8 20. Rxd7 Qxd7 21. Qxd7 Nxd7 22. Kxh2 Nxc5 23. Be7+ 1-0

[Event "Tres Cantos op 10th"]
[Site "Tres Cantos"]
[Date "2018.06.27"]
[Round "7.46"]
[White "Lopez Garcia, Rafael"]
[Black "Blanco Martin, Oscar"]
[Result "0-1"]
[WhiteElo "1432"]
[BlackElo "1601"]
[PlyCount "50"]
[EventDate "2018.06.21"]
[EventType "swiss"]
[EventRounds "9"]
[EventCountry "ESP"]
[SourceTitle "EXT 2024"]
[Source "ChessBase"]
[SourceDate "2023.10.10"]
[SourceVersion "1"]
[SourceVersionDate "2023.10.10"]
[SourceQuality "1"]

1. e4 e6 2. d4 d5 3. e5 c5 4. c3 Nc6 5. Nf3 Nge7 6. Bg5 cxd4 7. cxd4 Qb6 8. Qd2 Bd7 9. Be2 h6 10. Be3 Rc8 11. 0-0 Nf5 12. Nc3 Be7 13. Rab1 Na5 14. Qd1 Nc4 15. Bxc4 Rxc4 16. b3 Rxc3 17. Qd2 Rc7 18. Ne1 Bb5 19. a4 Bxf1 20. Kxf1 Nxe3+ 21. fxe3 Bb4 22. Qe2 Bxe1 23. Qxe1 0-0 24. Rb2 Rfc8 25. Qd1 Rc1 0-1

[Event "Tres Cantos op 10th"]
[Site "Tres Cantos"]
[Date "2018.06.23"]
[Round "3.30"]
[White "Lopez Mijail, Nicolas"]
[Black "Blanco Martin, Oscar"]
[Result "1-0"]
[WhiteElo "1891"]
[BlackElo "1601"]
[PlyCount "59"]
[EventDate "2018.06.21"]
[EventType "swiss"]
[EventRounds "9"]
[EventCountry "ESP"]
[SourceTitle "EXT 2024"]
[Source "ChessBase"]
[SourceDate "2023.10.10"]
[SourceVersion "1"]
[SourceVersionDate "2023.10.10"]
[SourceQuality "1"]

1. e4 e6 2. d4 d5 3. Nd2 dxe4 4. Nxe4 Bd7 5. Nf3 Bc6 6. Bd3 Nd7 7. 0-0 Ngf6 8. Ng3 Bxf3 9. Qxf3 c6 10. Re1 Be7 11. c4 0-0 12. Bf4 Re8 13. Rad1 Bb4 14. Re2 Ba5 15. Ne4 Nxe4 16. Bxe4 Nf8 17. d5 cxd5 18. cxd5 e5 19. Be3 Qd6 20. a3 Rec8 21. b4 Bd8 22. Bc5 Qd7 23. Bf5 Qe8 24. Bxc8 Rxc8 25. Bxf8 Qxf8 26. d6 Qxd6 27. Rc2 Qb8 28. Rxc8 Qxc8 29. Qxb7 Qc7 30. Qa8 1-0

[Event "Tres Cantos op 10th"]
[Site "Tres Cantos"]
[Date "2018.06.21"]
[Round "1.17"]
[White "Garcia Dorado, Alberto"]
[Black "Blanco Martin, Oscar"]
[Result "1-0"]
[WhiteElo "2155"]
[BlackElo "1601"]
[PlyCount "97"]
[EventDate "2018.06.21"]
[EventType "swiss"]
[EventRounds "9"]
[EventCountry "ESP"]
[SourceTitle "EXT 2024"]
[Source "ChessBase"]
[SourceDate "2023.10.10"]
[SourceVersion "1"]
[SourceVersionDate "2023.10.10"]
[SourceQuality "1"]

1. d4 Nf6 2. Nf3 g6 3. c4 Bg7 4. g3 0-0 5. Bg2 c6 6. 0-0 d5 7. b3 Ne4 8. Bb2 Nd7 9. Nbd2 Ndf6 10. Ne5 Nxd2 11. Qxd2 e6 12. f3 Nd7 13. Nd3 Nb6 14. c5 Nd7 15. e4 Qc7 16. e5 b6 17. Rfc1 bxc5 18. Nxc5 Nxc5 19. Rxc5 Bd7 20. Ba3 Rfc8 21. Ra5 Bf8 22. Bxf8 Rxf8 23. b4 Rab8 24. Bf1 Rb6 25. a3 Qb7 26. Bd3 a6 27. Rc1 Ra8 28. h4 Ra7 29. h5 Bc8 30. Kg2 Qe7 31. Rh1 Rc7 32. Qh6 Qf8 33. Qf4 Qe7 34. Qg4 Qf8 35. Qh4 Qe7 36. Qh3 Qe8 37. Kf2 Bb7 38. Qg4 Bc8 39. Ke3 Qf8 40. Qh4 Qe7 41. Qf6 Qxf6 42. exf6 Rd7 43. Kf4 Kf8 44. Ke5 Ke8 45. hxg6 fxg6 46. Bxg6+ hxg6 47. Rh8+ Kf7 48. Rxc8 g5 49. Rc5 1-0

[Event "Madrid-ch U12"]
[Site "Madrid"]
[Date "2018.04.15"]
[Round "3"]
[White "Blanco Martin, Oscar"]
[Black "Fernandez Rosado, Roberto"]
[Result "1/2-1/2"]
[WhiteElo "1692"]
[BlackElo "1579"]
[PlyCount "86"]
[EventDate "2018.04.14"]
[EventType "swiss"]
[EventRounds "6"]
[EventCountry "ESP"]
[SourceTitle "EXT 2019"]
[Source "ChessBase"]
[SourceDate "2018.10.10"]
[SourceVersion "1"]
[SourceVersionDate "2018.10.10"]
[SourceQuality "1"]

1. d4 Nf6 2. Bf4 g6 3. Nf3 Bg7 4. h3 d6 5. e3 a6 6. Nbd2 b6 7. Be2 Bb7 8. 0-0 Nbd7 9. c3 0-0 10. Qc2 Re8 11. Bh2 Rc8 12. Rad1 e6 13. Rfe1 Qe7 14. Bf1 b5 15. Qb1 h6 16. a3 c5 17. Rc1 d5 18. Ne5 Nxe5 19. Bxe5 Nd7 20. Bxg7 Kxg7 21. Nf3 e5 22. dxe5 Nxe5 23. Nxe5 Qxe5 24. Red1 Rc6 25. Qd3 Rf6 26. Rd2 h5 27. Qc2 Bc8 28. b4 c4 29. Rcd1 Bf5 30. Qb2 Rd6 31. Rd4 Red8 32. Qd2 f6 33. Be2 Be4 34. f3 Bd3 35. Bxd3 cxd3 36. Qxd3 f5 37. Kf2 Kf7 38. Qc2 g5 39. f4 Qf6 40. g3 R8d7 41. Qe2 Qg6 42. Qf3 g4 43. Qg2 Qe6 1/2-1/2

[Event "Madrid San Viator op-B 29th"]
[Site "Madrid"]
[Date "2017.11.12"]
[Round "9"]
[White "Blanco Martin, Oscar"]
[Black "Mateos Cordero, Francisco"]
[Result "1/2-1/2"]
[WhiteElo "1461"]
[BlackElo "1618"]
[PlyCount "79"]
[EventDate "2017.09.17"]
[EventType "swiss"]
[EventRounds "9"]
[EventCountry "ESP"]
[SourceTitle "EXT 2019"]
[Source "ChessBase"]
[SourceDate "2018.10.10"]
[SourceVersion "1"]
[SourceVersionDate "2018.10.10"]
[SourceQuality "1"]

1. d4 d5 2. Bf4 Nf6 3. Nf3 e6 4. e3 c5 5. c3 Nc6 6. Bd3 cxd4 7. exd4 Bd6 8. Bxd6 Qxd6 9. Nbd2 0-0 10. 0-0 e5 11. dxe5 Nxe5 12. Nxe5 Qxe5 13. Nf3 Qc7 14. h3 Qb6 15. Qb3 Qc7 16. Rfe1 a6 17. Re3 Bd7 18. Rae1 Rae8 19. Nd4 Rxe3 20. Rxe3 Re8 21. Rxe8+ Bxe8 22. Qc2 Qf4 23. Ne2 Qe5 24. Ng3 Bc6 25. Qe2 Qxe2 26. Bxe2 Nd7 27. Nf5 Nc5 28. Ne7+ Kf8 29. Nxc6 bxc6 30. b3 a5 31. f3 Ke7 32. Kf2 Kd6 33. Ke3 Ne6 34. f4 c5 35. c4 d4+ 36. Ke4 f6 37. Bg4 Nd8 38. g3 g6 39. Bf3 Nc6 40. a3 1/2-1/2

[Event "ESP-ch U10"]
[Site "Granada"]
[Date "2016.06.30"]
[Round "6"]
[White "Blanco Martin, Oscar"]
[Black "Canadas Martin, Borja"]
[Result "0-1"]
[WhiteElo "1213"]
[BlackElo "1392"]
[PlyCount "118"]
[EventDate "2016.06.27"]
[EventType "swiss"]
[EventRounds "9"]
[EventCountry "ESP"]
[SourceTitle "EXT 2024"]
[Source "ChessBase"]
[SourceDate "2023.10.10"]
[SourceVersion "1"]
[SourceVersionDate "2023.10.10"]
[SourceQuality "1"]

1. e4 e6 2. d4 d5 3. exd5 exd5 4. Nf3 Bd6 5. Bd3 Ne7 6. 0-0 0-0 7. Bg5 Be6 8. Nc3 c6 9. Re1 h6 10. Bh4 Qc7 11. Bg3 Nd7 12. Ne2 Nf5 13. Bxd6 Qxd6 14. Bxf5 Bxf5 15. Ng3 Bh7 16. c3 Rfe8 17. Qb3 Qc7 18. c4 dxc4 19. Qxc4 Nb6 20. Qb3 Nd5 21. Rxe8+ Rxe8 22. Rc1 Qf4 23. Qc4 Be4 24. Ne5 Nb6 25. Qf1 Bd5 26. a3 Qxd4 27. Nf3 Bxf3 28. gxf3 Qxb2 29. Ra1 Qb3 30. Kg2 Nd5 31. Qd1 Qxd1 32. Rxd1 Nf4+ 33. Kf1 Re7 34. Re1 Rxe1+ 35. Kxe1 Kf8 36. Kd2 g6 37. Ne4 Ke7 38. Kc2 b6 39. Kb3 f5 40. Ng3 Nd3 41. Nh1 Ne5 42. f4 Nd3 43. f3 Nxf4 44. Nf2 Ne2 45. Nd3 Kd6 46. Kc4 a5 47. a4 Ng1 48. f4 Nf3 49. h3 g5 50. fxg5 hxg5 51. Nf2 Ne5+ 52. Kc3 b5 53. axb5 cxb5 54. Kb3 Kc5 55. Kc3 a4 56. Kb2 b4 57. Nd1 Nd3+ 58. Ka2 f4 59. Kb1 f3 0-1

[Event "Madrid-ch U10"]
[Site "Madrid"]
[Date "2016.04.16"]
[Round "1.2"]
[White "Lianes Garcia, Alicia"]
[Black "Blanco Martin, Oscar"]
[Result "1-0"]
[WhiteElo "1402"]
[BlackElo "1380"]
[PlyCount "97"]
[EventDate "2016.04.16"]
[EventType "swiss"]
[EventRounds "7"]
[EventCountry "ESP"]
[SourceTitle "EXT 2024"]
[Source "ChessBase"]
[SourceDate "2023.10.10"]
[SourceVersion "1"]
[SourceVersionDate "2023.10.10"]
[SourceQuality "1"]

1. e4 d5 2. exd5 Nf6 3. Nc3 c6 4. dxc6 Nxc6 5. Bb5 Bd7 6. Nf3 a6 7. Bc4 e5 8. 0-0 Bd6 9. Re1 0-0 10. d4 exd4 11. Nxd4 Nxd4 12. Qxd4 Bc6 13. Be3 Re8 14. Rad1 Bc7 15. Qxd8 Raxd8 16. Rxd8 Rxd8 17. Bg5 Re8 18. Rxe8+ Nxe8 19. Bd5 Bxd5 20. Nxd5 Be5 21. b3 f6 22. Be3 Nc7 23. Nxc7 Bxc7 24. Kf1 Kf7 25. h3 Ke6 26. Ke2 Ke5 27. g3 Ke4 28. f3+ Kd5 29. c4+ Ke6 30. g4 f5 31. Bd4 fxg4 32. fxg4 g6 33. Kf3 Be5 34. Ke3 g5 35. Ke4 Bxd4 36. Kxd4 Kd6 37. Ke4 Ke6 38. c5 a5 39. a3 h6 40. Kd4 Kd7 41. Kd5 Ke7 42. Ke5 Kf7 43. Kd6 Kf6 44. b4 axb4 45. axb4 Kf7 46. Kd7 Kf6 47. Kc7 Ke5 48. Kxb7 Kd5 49. c6 1-0